La baraja de los derechos de la mujer /
Se presenta el diseño del juego de mesa didáctico "La baraja de los derechos de la mujer", destinado a mujeres de la clase popular, con el que se pretende dar a conocer y difundir entre las mujeres los derechos que tienen como ciudadanas mexicanas, a través de ilustraciones y símbolos significativos...
Збережено в:
| Автор: | |
|---|---|
| Формат: | Дисертація Книга |
| Мова: | Іспанська |
| Предмети: | |
| Теги: |
Немає тегів, Будьте першим, хто поставить тег для цього запису!
|
MARC
| LEADER | 00000nam^a2200000^a^4500 | ||
|---|---|---|---|
| 001 | 000184908 | ||
| 005 | 20250521000000.0 | ||
| 009 | 20260310102133.764 | ||
| 037 | |a Acervo ITESO - Biblioteca | ||
| 041 | |a ESP | ||
| 090 | |a CCO. 605 | ||
| 100 | |a Izar Cardona, Faride |e (autor) | ||
| 245 | 1 | 3 | |a La baraja de los derechos de la mujer / |c F. Izar Cardona. |
| 264 | |a Guadalajara, México : |b edición de autor, |c 2005 | ||
| 300 | |a 1 disco compacto de computadora | ||
| 336 | |a datos para computadora |b cod |2 rdacontenido | ||
| 337 | |a computadora |b c |2 rdamedio | ||
| 338 | |a disco de computadora |b cd |2 rdasoporte | ||
| 502 | |a ITESO Tesis de Licenciatura en Ciencias de la Comunicación | ||
| 520 | |a Se presenta el diseño del juego de mesa didáctico "La baraja de los derechos de la mujer", destinado a mujeres de la clase popular, con el que se pretende dar a conocer y difundir entre las mujeres los derechos que tienen como ciudadanas mexicanas, a través de ilustraciones y símbolos significativos para este segmento de la población. Los temas que incluyen las cartas son: la educación popular, la educación cívica y la educación de los Derechos humanos. | ||
| 649 | |a XX | ||
| 650 | |a Mujeres - |z México - |x Condiciones Sociales y Culturales - |x Tema Principal | ||
| 650 | |a Mujeres - |z México - |x Condiciones Jurídicas - |x Tema Principal | ||
| 650 | |a Clase Baja - |z México - |x Condiciones Sociales y Culturales | ||
| 650 | |a Clase Baja - |z México - |x Condiciones Jurídicas | ||
| 650 | |a Discriminación de Género - |z México | ||
| 650 | |a Igualdad y Desigualdad - |z México | ||
| 650 | |a Género - |z México | ||
| 650 | |a Cultura Política - |z México | ||
| 650 | |a Derechos Humanos - |z México - |x Estudio y Enseñanza | ||
| 650 | |a Derecho - |z México - |x Estudio y Enseñanza | ||
| 650 | |a Juegos Educativos - |x Tema Principal | ||
| 650 | |a Apoyos Didácticos | ||
| 650 | |a Metodología Educativa | ||
| 650 | |a Proceso Educativo | ||
| 650 | |a Comunicación Educativa | ||
| 650 | |a Educación y Política | ||
| 650 | |a Educación y Sociedad | ||
| 650 | |a Educación y Promoción Popular | ||
| 650 | |a Educación Cívica | ||
| 910 | |a Fondo General | ||
| 920 | |a Electrónicos - Tesis del ITESO en Disco | ||
| 905 | |a 202 | ||
| 901 | |a 0500126161 |b IT2 |c STS |u 20250521 | ||
| 902 | |a https://opac.biblio.iteso.mx/vufind/Record/000184908 | ||